00455nam a2200133Ia 4500008004100000020001800041100003000059245007300089260005200162300002700214500004000241650001900281650002100300191129s9999 xx 000 0 und d a9789719654476 aFlores, Marivic Francisco cMarivic Francisco FloresaMethods of research in business education/ aManila:bUnlimited Books Library Servicesc2016 aviii, 232 p. ;c21 cm. aIncludes bibliographical references aResearch paper aResearch writing